| 000 | 00877cam a22002415a 4500 | ||
|---|---|---|---|
| 001 | L149342 | ||
| 008 | 100222e2009 xxk 000 0 eng d | ||
| 035 | _a(Sirsi) u149342 | ||
| 041 | 0 | _aeng | |
| 100 | 1 | _aJohn, Ed | |
| 245 | 0 | 0 | _aBusiness renewals and termination |
| 260 | _c2009 | ||
| 490 |
_aLovells Real Estate Quarterly _vWinter 2009, 6-7(2) |
||
| 520 | _aOffers a flowchart to help determine the correct course of action when renewing or terminating a business tenancy. | ||
| 590 | _aKA | ||
| 650 | 2 | 4 | _aLANDLORD AND TENANT ACT 1954 S23 |
| 650 | 2 | 4 | _aLANDLORD AND TENANT ACT 1954 PART II |
| 650 | 2 | 4 | _aLANDLORD AND TENANT ACT 1954 S25 |
| 650 | 2 | 4 | _aLANDLORD AND TENANT ACT 1954 S26 |
| 651 | 4 |
_aEngland and Wales _y1543- |
|
| 690 | _aPROPERTY-COMMERCIAL PROPERTY-LEASEHOLD COMMERCIAL PROPERTY-COMMERCIAL LANDLORD AND TENANT-BUSINESS TENANCIES | ||
| 942 | _n0 | ||
| 999 |
_c82145 _d82145 |
||